| 000 | 00661nam a22002537a 4500 | ||
|---|---|---|---|
| 003 | OSt | ||
| 005 | 20140310182834.0 | ||
| 008 | 130605t xxu||||| |||| 00| 0 eng d | ||
| 020 | _a9812470301 | ||
| 050 |
_aQD 31.3 _b.W665 2003 |
||
| 082 |
_aHS 500 _b. W63 2000 |
||
| 100 |
_aWilbraham, Antony C. _911809 |
||
| 245 |
_aChemistry : _bAddison - Wesley / _cWilbraham, Antony C. |
||
| 250 | _a5th ed. | ||
| 260 |
_aSingapore : _bPearson Prentice Hall, _c2003 |
||
| 300 |
_a881 p. : _bill. ; _c26 cm. |
||
| 541 | _j4 | ||
| 541 | _j5 | ||
| 650 |
_aChemistry _911783 |
||
| 942 | _2lcc | ||
| 999 |
_c16717 _d16717 |
||